000 00734nam a2200253Ia 4500
001 Para_3729
003 CHAP
008 220125s1985 xx 000 0 und d
010 _a202164
040 _cCHAP
082 _aPA 338.972 M4
110 _aMéxico. Presidencia de la Republica
245 _aPrograma nacional de desarrollo rural integral, 1985 - 1988 /
_c Presidencia de la República
260 _aMéxico :
_b La Presidencia
300 _a186 h .
650 _aMéxico
_x Política económica Desarrollo rural
_9167218
901 _aPA 338.972 M4
902 _aA
905 _a0000001985 mx 0000000000 00
910 _a1985
942 _cPARA
942 _cPARA
_d1
999 _c202164
_d202164